| 000 | 00508nam a2200193Ia 4500 | ||
|---|---|---|---|
| 005 | 20140311163056.0 | ||
| 008 | 140130s9999 xx 000 0 und d | ||
| 020 | _a0590254855 | ||
| 050 |
_aHV 7922 _b.K86 1995 |
||
| 100 |
_aKunhardt, Edith _926970 |
||
| 245 |
_cKunhardt, Edith _aIm going to be a police officer / |
||
| 260 |
_bScholastic, _c1995. _aNew York : |
||
| 300 |
_a29 p. : _bcol. ill. ; _c21 cm. |
||
| 440 |
_v1 _931174 |
||
| 521 | _aG2 | ||
| 526 | _c380 | ||
| 942 |
_cBK _2lcc |
||
| 999 |
_c40204 _d40204 |
||